Le Monde par lettre - M - Statistiques

Statistiques générales
  • Ce quiz a été pris 462 fois
  • Le résultat moyen est 11 sur 15
Statistiques - réponses
Indices Réponses % Correct
Deuxième ville la plus peuplée de la France Marseille
97%
Plus grosse île d'Afrique Madagascar
96%
Pays juste au sud de l'Espagne Maroc
96%
Prénom de Zuckerberg, créateur de Facebook Mark
93%
Fondé par Bill Gates Microsoft
87%
Habitants de Madrid Madrilène
84%
Langue la plus parlée au monde Mandarin
82%
Pays entouré du Maroc, de l'Algérie, du Mali et du Sénégal Mauritanie
81%
Oulan-Bator est sa capitale Mongolie
78%
Plus long fleuve d'Amérique du Nord Mississippi
77%
Animal causant le plus de mort au monde (Et oui!) Moustique
69%
Nouveau nom de Facebook Inc. Meta Platforms Inc.
61%
Ville la plus peuplée d'Amérique du Nord Mexico
60%
Région administrative spéciale chinoise anciennement portugaise Macao
51%
Quatrième ville la plus peuplée du monde Manille
28%
Aucun quiz correspondant
Distribution des résultats
% des personnes avec chaque résultat
Percentile par nombre de réponses
Votre historique - résultats
Vous n’avez pas pris ce quiz